Πολιτικές απασχόλησης στην Ευρωπαϊκή Ένωση = Employment policies in the European Union
Αποθηκεύτηκε σε:
| Κύριος συγγραφέας: | |
|---|---|
| Μορφή: | Βιβλίο |
| Γλώσσα: | Greek |
| Δημοσίευση: |
Αθήνα :
Παπαζήση,
1997
|
| Θέματα: | |
| Ετικέτες: |
Προσθήκη ετικέτας
Δεν υπάρχουν, Καταχωρήστε ετικέτα πρώτοι!
|
MARC
| LEADER | 00000cam a2200000 i 4500 | ||
|---|---|---|---|
| 001 | 1/104446 | ||
| 008 | 000310s1997 gre d | ||
| 020 | |a 960-02-1213-9 | ||
| 035 | |l 10058842 | ||
| 040 | |a GR-MY-UA |b gre |e aacr | ||
| 041 | 0 | |a gre | |
| 082 | 0 | |a 331.12042 | |
| 100 | 1 | |a Νικολακοπούλου-Στεφάνου, Ηρώ. | |
| 245 | 1 | 0 | |a Πολιτικές απασχόλησης στην Ευρωπαϊκή Ένωση = |b Employment policies in the European Union / |c Ηρώ Νικολακοπούλου-Στεφάνου |
| 260 | |a Αθήνα : |b Παπαζήση, |c 1997 | ||
| 300 | |a 291 σ. | ||
| 504 | |a Περιέχει βιβλιογραφία | ||
| 650 | 0 | 0 | |a Full employment policies |z European Union countries. |
| 651 | 0 | |a European Union countries |x Economic policy. | |
| 852 | |a INST |b LESVOS |e 20000310 |h 331.12042 ΝΙΚ |p 005100023553 |q 005100023553 |t BK |y 4 |x 20000329 | ||
| 852 | |a INST |b RHODES |e 20040311 |h 331.12042 ΝΙΚ |p 005400019504 |q 005400019504 |t BK |y 0 | ||
| 852 | |a INST |b RHODES |e 20031204 |h 331.12042 ΝΙΚ |p 005400020142 |q 005400020142 |t BK |y 0 | ||
| 901 | |a BIBL1-2000-1 | ||
| 901 | |a BIBL4-2003-3 | ||
| 909 | |a Λ |b 075510 | ||
| 909 | |a Ρ |b 104934 | ||
| 909 | |a Ρ |b 105253 | ||
| 920 | |a ΕΡΓΑΣΤΗΡΙΟ ΠΟΛΙΤΙΣΤΙΚΗΣ ΕΠΙΚΟΙΝΩΝΙΑΣ ΚΑΙ ΤΕΚΜΗΡΙΩΣΗΣ |y ΛΕΣΒΟΣ |z 2000-02 | ||
| 970 | |a ΜΟΥΣΤΑΚΑ |b ΠΗΝΕΛΟΠΗ |z 2000/03/10 | ||